[Event "Championnat de France des Jeunes - Pupil"]
[Site "NIMES"]
[Date "2012.04.17"]
[Round "5.4"]
[White "Jouniaux, Quentin"]
[Black "Trouve, Guillaume"]
[Result "0-1"]
[WhiteElo "1625"]
[BlackElo "1751"]
[PlyCount "184"]

1. d4 Nf6 2. Nf3 g6 3. c4 c5 4. d5 b5 5. cxb5 a6 6. g3 Bg7 7. Bg2 d6 8. O-O O-O
9. Nc3 Nbd7 10. Nd2 axb5 11. Nxb5 Ba6 12. Nc3 Qc7 13. Qc2 Rfb8 14. b3 Nb6 15.
Bb2 Ng4 16. h3 Nf6 17. Rac1 Nbd7 18. Nde4 Nxe4 19. Nxe4 Bxb2 20. Qxb2 Qb7 21.
Qd2 c4 22. Rb1 cxb3 23. Rxb3 Qa7 24. Rf3 f6 25. h4 Ne5 26. Rc3 Rc8 27. Bh3 Rxc3
28. Be6+ Kg7 29. Nxc3 Bc4 30. a4 Bb3 31. Rb1 Rb8 32. Qf4 Qc7 33. Qd4 Qa5 34.
Na2 Qc7 35. Rc1 Qa5 36. Rb1 Qa6 37. Nc1 Bxd5 38. Rxb8 Bxe6 39. Rb6 Qa5 40. Qb4
Qd5 41. Qe1 Bh3 42. f3 Qc5+ 43. Kh2 Qxb6 44. Kxh3 Qe3 45. Qd1 Qa7 46. Na2 Qd7+
47. Kg2 Nc4 48. Qb3 Qe6 49. Nc1 Qd5 50. Qd3 Qc5 51. Qe4 d5 52. Nd3 Qd6 53. Qd4
Qc6 54. Nb4 Qe6 55. Qd3 Qd6 56. Nc2 Qc6 57. Qb3 Qe6 58. Qd3 Qd7 59. Qb3 Qf5 60.
Ne3 Qe6 61. Kf2 Qc6 62. Qb5 Qxb5 63. axb5 Nb6 64. f4 Kf7 65. Nc2 Ke6 66. Ke3
Kd6 67. Kd3 Kc5 68. Nd4 Kd6 69. e4 e5 70. Nc6 d4 71. fxe5+ fxe5 72. g4 Na4 73.
h5 Nc5+ 74. Ke2 Nxe4 75. hxg6 hxg6 76. Nb4 Nc3+ 77. Kd3 Nxb5 78. Ke4 Nc3+ 79.
Kd3 Nd5 80. Nc2 Nf6 81. g5 Nh7 82. Nxd4 exd4 83. Kxd4 Nxg5 84. Ke3 Ke5 85. Kf2
Kf4 86. Kg2 Ne4 87. Kg1 Kg3 88. Kf1 g5 89. Kg1 g4 90. Kh1 Kf2 91. Kh2 g3+ 92.
Kh1 g2+ 0-1

[Event "Championnat de France des Jeunes - Pupil"]
[Site "NIMES"]
[Date "2012.04.17"]
[Round "5.5"]
[White "Ferrari, Louis"]
[Black "Raynaud, Jean-Philippe"]
[Result "0-1"]
[WhiteElo "1750"]
[BlackElo "1618"]
[Annotator "Rivier,Sylvain"]
[PlyCount "26"]

1. Nf3 Nf6 2. c4 g6 3. Nc3 d5 4. cxd5 Nxd5 5. g3 Nxc3 6. bxc3 c5 7. Bg2 Bg7 8.
O-O O-O 9. Rb1 Qa5 10. a3 Nc6 11. Qb3 Bf5 12. Ra1 Rab8 13. Bb2 b5 {suite
illisible} 0-1

[Event "Championnat de France des Jeunes - Pupil"]
[Site "NIMES"]
[Date "2012.04.18"]
[Round "6.1"]
[White "Mohammad, Fahim"]
[Black "Chesterkine, Vassili"]
[Result "1/2-1/2"]
[WhiteElo "1898"]
[BlackElo "1706"]
[PlyCount "151"]

1. d4 Nf6 2. Nf3 g6 3. c4 c5 4. d5 d6 5. Qc2 Bg7 6. e4 O-O 7. Nc3 e5 8. h3 Na6
9. a3 Nc7 10. Bd3 Kh8 11. Bg5 Rb8 12. b4 Na6 13. Rb1 b6 14. g4 Rb7 15. Nd2 Qe8
16. Nf1 Ng8 17. Ng3 f6 18. Be3 Bh6 19. Qd2 Bxe3 20. Qxe3 Rg7 21. Nb5 Qe7 22. f3
Nc7 23. Nxc7 Qxc7 24. h4 Ne7 25. bxc5 bxc5 26. Qd2 Bd7 27. h5 g5 28. Kf2 h6 29.
Rb2 Rgg8 30. Rhb1 Rb8 31. Be2 Ba4 32. Nf1 Rgc8 33. Ne3 Rb6 34. Qa5 Rxb2 35.
Qxc7 Rxe2+ 36. Kxe2 Rxc7 37. Kd2 Kg7 38. Rb8 Bd7 39. Nd1 Bc8 40. Kc2 Kf7 41.
Nc3 a6 42. Rb6 Rd7 43. Ne2 Ke8 44. a4 Kd8 45. a5 Bb7 46. Ng3 Kc7 47. Ne2 Rd8
48. Nc3 Rb8 49. Na4 Ra8 50. Rb2 Nc8 51. Nc3 Rb8 52. Nd1 Na7 53. Ne3 Bc8 54.
Rxb8 Kxb8 55. Kb3 Kc7 56. Ka3 Bd7 57. Kb3 Nc8 58. Nd1 Ne7 59. Ne3 Kd8 60. Nf1
Ke8 61. Ng3 Kf7 62. Ka3 Ke8 63. Kb3 Kd8 64. Nf1 Be8 65. Ng3 Kc7 66. Ka3 Kb7 67.
Kb3 Bb5 68. Nf1 Ng8 69. Ng3 Ne7 70. Nf1 Bd7 71. Ng3 Be8 72. Ka3 Bd7 73. Kb3 Be8
74. Ka3 Bd7 75. Kb3 Be8 76. Ka3 1/2-1/2

[Event "Championnat de France des Jeunes - Pupil"]
[Site "NIMES"]
[Date "2012.04.18"]
[Round "6.2"]
[White "Willems, Niels"]
[Black "Lamblin, Jean"]
[Result "1/2-1/2"]
[WhiteElo "1640"]
[BlackElo "1791"]
[PlyCount "108"]

1. c4 e6 2. Nc3 d5 3. cxd5 exd5 4. g3 Nf6 5. Bg2 c6 6. d3 Be7 7. Nf3 O-O 8. O-O
Nbd7 9. Bf4 Re8 10. Re1 Nf8 11. Qc2 Ng6 12. Bg5 Bg4 13. h3 Bd7 14. Na4 Qc8 15.
Kh2 Qc7 16. Nc5 Rad8 17. Nxd7 Nxd7 18. Bxe7 Rxe7 19. Kg1 Nge5 20. Nd4 Nf6 21.
Rac1 Qb6 22. Nb3 Nfd7 23. Kf1 Re6 24. d4 Nc4 25. e3 Rde8 26. Nd2 Nxd2+ 27. Qxd2
Nf6 28. b3 Ne4 29. Bxe4 Rxe4 30. Kg2 R4e6 31. Rc5 Rh6 32. Qa5 Ra8 33. Qxb6 axb6
34. Rc2 Ra3 35. Rb1 Re6 36. Rbb2 Re8 37. Rd2 Rea8 38. Rdc2 Kf8 39. Kf3 Ke7 40.
Kf4 Kd6 41. Kf3 g6 42. Ke2 Ke6 43. Kf3 Kf5 44. Rd2 h5 45. Rdc2 g5 46. g4+ Kg6
47. Kg3 f6 48. Re2 Kh6 49. Kg2 Kg6 50. Kg3 Kh6 51. Kg2 Kg6 52. Kg3 Kh6 53. Kg2
Kg6 54. Kg3 Kh6 1/2-1/2

[Event "Championnat de France des Jeunes - Pupil"]
[Site "NIMES"]
[Date "2012.04.18"]
[Round "6.3"]
[White "Burri, Quentin"]
[Black "Dodart, Guillaume"]
[Result "0-1"]
[WhiteElo "1768"]
[BlackElo "1632"]
[PlyCount "66"]

1. e4 e5 2. Bc4 Nf6 3. d3 Nc6 4. Nc3 Na5 5. Nge2 Nxc4 6. dxc4 Bc5 7. Ng3 d6 8.
O-O O-O 9. b3 Be6 10. Bb2 a6 11. h3 Nd7 12. Qe2 Nb8 13. Nd1 Nc6 14. c3 Ne7 15.
Kh2 f5 16. exf5 Nxf5 17. Nxf5 Bxf5 18. Ne3 Be6 19. Bc1 Qe7 20. Bd2 Rf7 21. Rad1
Raf8 22. f3 c6 23. Bc1 Bb6 24. Ba3 Bc7 25. Rd2 e4 26. f4 Rxf4 27. Rxf4 Rxf4 28.
Qd1 c5 29. Kh1 Qh4 30. Bc1 Rf8 31. a3 Qf4 32. Re2 d5 33. Ng4 Qf1+ 0-1

[Event "Championnat de France des Jeunes - Pupil"]
[Site "NIMES"]
[Date "2012.04.18"]
[Round "6.4"]
[White "Raynaud, Jean-Philippe"]
[Black "Trouve, Guillaume"]
[Result "1-0"]
[WhiteElo "1618"]
[BlackElo "1751"]
[PlyCount "81"]

1. d4 Nf6 2. Bg5 c5 3. d5 e5 4. Nc3 Qb6 5. Rb1 d6 6. Bxf6 gxf6 7. e4 f5 8. Bb5+
Bd7 9. Bxd7+ Nxd7 10. exf5 Nf6 11. Nge2 Rg8 12. g3 O-O-O 13. a3 Qa5 14. b4 Qxa3
15. Ra1 Qxb4 16. Rxa7 Be7 17. Ra4 Qb6 18. Qd3 Kb8 19. Kd2 Bf8 20. Rb1 Bh6+ 21.
Ke1 Qc7 22. Qa6 Kc8 23. Qb5 Qb8 24. Rba1 Kc7 25. Ra7 Rc8 26. Qc6+ Kd8 27. Rxb7
Rxc6 28. Rxb8+ Rc8 29. Rb7 Rc7 30. Rxc7 Kxc7 31. Ra7+ Kb6 32. Rxf7 Bg7 33. f3
h6 34. Ne4 Nxe4 35. fxe4 Kb5 36. g4 Kc4 37. Kf2 Bh8 38. Kf3 Kb5 39. Rd7 c4 40.
Rxd6 Kc5 41. Rxh6 1-0

[Event "Championnat de France des Jeunes - Pupil"]
[Site "NIMES"]
[Date "2012.04.18"]
[Round "6.5"]
[White "Lafortune, Emerick"]
[Black "Bressy, Theo"]
[Result "0-1"]
[WhiteElo "1750"]
[BlackElo "1501"]
[PlyCount "126"]

1. e4 e5 2. Nf3 Nc6 3. Bb5 Nf6 4. O-O Bc5 5. Re1 d6 6. c3 O-O 7. h3 h6 8. d4
exd4 9. cxd4 Bb6 10. Nc3 Ne7 11. b3 a6 12. Bd3 Ba7 13. a4 Be6 14. Bb2 c6 15.
Rc1 Qb6 16. Bc2 Rfc8 17. Ba3 Rd8 18. Rb1 c5 19. d5 Bd7 20. Bb2 Ng6 21. Ne2 Re8
22. Ng3 Qd8 23. Qd2 Bb6 24. Bc3 Bc7 25. Re2 b5 26. Rbe1 b4 27. Bb2 Ne5 28. Nxe5
dxe5 29. Nf5 Qb8 30. Re3 Ba5 31. d6 Qd8 32. Ne7+ Kh7 33. Bxe5 Nh5 34. Bb2 g6
35. Qd5 Be6 36. Qe5 Bc7 37. Nc6 Qxd6 38. Qxd6 Bxd6 39. Rd1 Bc7 40. g4 Ng7 41.
Red3 a5 42. Bc1 Ra6 43. Nd8 Bxd8 44. Rxd8 Ra8 45. R8d6 Rec8 46. f4 c4 47. bxc4
Bxc4 48. Rb6 Ne6 49. e5 Nc5 50. f5 Rc7 51. fxg6+ Kg7 52. gxf7 b3 53. Bxh6+ Kxf7
54. Bg6+ Ke7 55. Bg5+ Kf8 56. Rf6+ Kg7 57. Bh6+ Kxh6 58. Bd3+ Kg7 59. Bxc4 b2
60. Bb5 Nb3 61. Rc6 Rxc6 62. Bxc6 Rc8 63. Bd5 Rc1 0-1

[Event "Championnat de France des Jeunes - Pupil"]
[Site "NIMES"]
[Date "2012.04.19"]
[Round "7.1"]
[White "Bressy, Theo"]
[Black "Mohammad, Fahim"]
[Result "0-1"]
[WhiteElo "1501"]
[BlackElo "1898"]
[PlyCount "82"]

1. e4 c5 2. Nf3 d6 3. Bb5+ Bd7 4. Bxd7+ Qxd7 5. O-O Nc6 6. c3 Nf6 7. Re1 e6 8.
d4 cxd4 9. cxd4 d5 10. e5 Ne4 11. Nbd2 Nxd2 12. Bxd2 Be7 13. Qb3 O-O 14. Qd3
Rfc8 15. Rec1 h6 16. h3 a5 17. a3 a4 18. Bc3 Na5 19. Bxa5 Rxa5 20. Rc3 Ra6 21.
Rac1 Rac6 22. R1c2 Rxc3 23. Rxc3 Rxc3 24. Qxc3 Qc6 25. Qxc6 bxc6 26. Kf1 c5 27.
Ke2 f6 28. Kd3 Kf7 29. Kc3 Ke8 30. Kd3 Kd7 31. dxc5 Bxc5 32. Kc3 Kc6 33. b4
axb3 34. Kxb3 Bxf2 35. a4 Kb6 36. Kb4 Bc5+ 37. Kc3 Kc6 38. g4 Kb6 39. Nd4 Bxd4+
40. Kxd4 fxe5+ 41. Kxe5 g5 0-1

[Event "Championnat de France des Jeunes - Pupil"]
[Site "NIMES"]
[Date "2012.04.19"]
[Round "7.2"]
[White "Chesterkine, Vassili"]
[Black "Raynaud, Jean-Philippe"]
[Result "1-0"]
[WhiteElo "1706"]
[BlackElo "1618"]
[PlyCount "47"]

1. e4 Nf6 2. e5 Nd5 3. c4 Nb6 4. d4 d6 5. exd6 cxd6 6. Nc3 g6 7. Be3 Bg7 8. Rc1
O-O 9. b3 Nc6 10. Be2 Bf5 11. Nf3 Rc8 12. O-O Qd7 13. d5 Nb4 14. Nd4 h5 15. a3
Na6 16. Ncb5 Ra8 17. b4 e6 18. dxe6 fxe6 19. Nxf5 Rxf5 20. Qxd6 Qf7 21. Qd2 Be5
22. Nd6 Bxd6 23. Qxd6 Na4 24. Bd3 1-0

[Event "Championnat de France des Jeunes - Pupil"]
[Site "NIMES"]
[Date "2012.04.19"]
[Round "7.3"]
[White "Dodart, Guillaume"]
[Black "Tessier, Victor"]
[Result "1-0"]
[WhiteElo "1632"]
[BlackElo "1655"]
[PlyCount "65"]

1. e4 c5 2. Nf3 d6 3. c3 Nf6 4. Be2 Nxe4 5. Qa4+ Bd7 6. Qxe4 Nc6 7. O-O e6 8.
d4 cxd4 9. Nxd4 Nxd4 10. Qxd4 Qc7 11. Be3 e5 12. Qd2 Be7 13. c4 O-O 14. Nc3 Be6
15. Nd5 Bxd5 16. Qxd5 Rac8 17. Rad1 Rfd8 18. Kh1 a6 19. b3 h6 20. f4 Bf6 21. f5
Be7 22. Qe4 Bf6 23. Qg4 Kh8 24. Bf3 Qe7 25. Bd5 Rb8 26. Rf3 Rf8 27. Rh3 Rfd8
28. Bxh6 Kg8 29. Rg3 Qf8 30. Qg6 Kh8 31. Bxf7 Rd7 32. Rh3 Rxf7 33. Bxg7+ 1-0

[Event "Championnat de France des Jeunes - Pupil"]
[Site "NIMES"]
[Date "2012.04.19"]
[Round "7.4"]
[White "Lamblin, Jean"]
[Black "Coiffait, Pierre-Basile"]
[Result "1-0"]
[WhiteElo "1791"]
[BlackElo "1595"]
[PlyCount "85"]

1. d4 e6 2. c4 f5 3. g3 Nf6 4. Bg2 Be7 5. Nc3 O-O 6. Nf3 Qe8 7. O-O d6 8. Qc2
Qg6 9. e3 Ne4 10. d5 e5 11. Nxe4 fxe4 12. Nd2 Bg4 13. Bxe4 Qh5 14. Re1 Nd7 15.
Bg2 Rf6 16. Nf1 Raf8 17. f4 Bd8 18. b4 b6 19. a4 Rh6 20. a5 Bf6 21. Ra3 exf4
22. exf4 Bd4+ 23. Kh1 Nf6 24. Qd2 bxa5 25. Qxd4 Be2 26. Qg1 Re8 27. Re3 Rxe3
28. Nxe3 axb4 29. Nf5 Qxf5 30. Rxe2 Nh5 31. Qe3 Nf6 32. Qe6+ Qxe6 33. Rxe6 Kf7
34. Bf3 Nd7 35. Rxh6 gxh6 36. Kg2 Nc5 37. Be3 Na4 38. Bxa7 b3 39. Bd4 b2 40.
Be4 Nb6 41. Bxb6 cxb6 42. Bxh7 Kg7 43. Bb1 1-0

[Event "Championnat de France des Jeunes - Pupil"]
[Site "NIMES"]
[Date "2012.04.19"]
[Round "7.5"]
[White "Gautier, Anand"]
[Black "Tournois, Luan"]
[Result "1-0"]
[WhiteElo "1760"]
[BlackElo "1400"]
[Annotator "Rivier,Sylvain"]
[PlyCount "81"]

1. e4 e5 2. Nf3 Nc6 3. d4 exd4 4. Bc4 Bc5 5. O-O Nf6 6. e5 Ng4 7. Bf4 O-O 8. h3
Ngxe5 9. Nxe5 Nxe5 10. Bxe5 Qg5 11. Bxd4 d6 12. Bxc5 Qxc5 13. Bb3 Qg5 14. Qf3
c6 15. Qg3 Qf6 16. Nc3 d5 17. Rfe1 Be6 18. Re2 Rad8 19. Rae1 Rfe8 20. h4 b5 21.
Qg5 Qxg5 22. hxg5 a5 23. a3 a4 24. Ba2 Re7 25. f4 g6 26. g4 Red7 27. Rg2 Rb7
28. Ne2 b4 29. Nd4 bxa3 30. Nxe6 fxe6 31. bxa3 Rb2 32. c3 Rxg2+ 33. Kxg2 Rb8
34. Re2 Kf7 35. Kf3 Rb6 36. Ke3 c5 37. Kd3 c4+ 38. Kc2 Kg7 39. Rd2 h6 40. gxh6+
Kxh6 41. Rh2+ {suite illisible} 1-0

[Event "Championnat de France des Jeunes - Pupil"]
[Site "NIMES"]
[Date "2012.04.20"]
[Round "8.1"]
[White "Dodart, Guillaume"]
[Black "Chesterkine, Vassili"]
[Result "0-1"]
[WhiteElo "1632"]
[BlackElo "1706"]
[PlyCount "98"]

1. e4 c5 2. Nf3 d6 3. c3 Nf6 4. Be2 Nbd7 5. d3 g6 6. O-O Bg7 7. Re1 O-O 8. Bf1
b6 9. d4 cxd4 10. cxd4 e5 11. Nc3 Bb7 12. Bg5 h6 13. Bh4 a6 14. Bc4 Rc8 15. Bd5
Bc6 16. Bxc6 Rxc6 17. Nd5 Re8 18. dxe5 dxe5 19. Nxf6+ Bxf6 20. Bxf6 Rxf6 21.
Qd3 Nc5 22. Qxd8 Rxd8 23. Nxe5 Rd2 24. Ng4 Re6 25. b4 Nd3 26. Rad1 Rxd1 27.
Rxd1 Nxb4 28. a3 Nc2 29. f3 h5 30. Nf2 Nxa3 31. Ra1 Rc6 32. g4 Rc3 33. gxh5
gxh5 34. Kg2 a5 35. Rd1 Nc4 36. Kg3 a4 37. Kf4 a3 38. Nd3 Rc2 39. Nb4 Rxh2 40.
Nd5 b5 41. e5 Rd2 42. Nf6+ Kf8 43. Rh1 h4 44. Rxh4 Rd4+ 45. Ne4 a2 46. Rh1 b4
47. Kf5 Rd1 48. Rh7 a1=Q 49. f4 Ne3+ 0-1

[Event "Championnat de France des Jeunes - Pupil"]
[Site "NIMES"]
[Date "2012.04.20"]
[Round "8.2"]
[White "Mohammad, Fahim"]
[Black "Lamblin, Jean"]
[Result "1-0"]
[WhiteElo "1898"]
[BlackElo "1791"]
[PlyCount "71"]

1. d4 d5 2. c4 c6 3. Nf3 Nf6 4. e3 e6 5. Bd3 Nbd7 6. O-O dxc4 7. Bxc4 b5 8. Bd3
a6 9. a4 Bb7 10. Qe2 Bd6 11. Rd1 Qe7 12. e4 e5 13. Bg5 O-O 14. Kh1 Rac8 15.
dxe5 Bxe5 16. Nxe5 Nxe5 17. Bc2 h6 18. Bh4 Ng6 19. Bg3 Rfd8 20. Nd2 b4 21. Nc4
Rxd1+ 22. Rxd1 c5 23. Nd6 Rd8 24. e5 Ne8 25. Nxb7 Rxd1+ 26. Qxd1 Qxb7 27. e6
Qe7 28. exf7+ Qxf7 29. Qd3 Kh7 30. Qxa6 Nf6 31. h4 h5 32. Qb5 Qa2 33. Qd3 Qf7
34. b3 Nd7 35. a5 Kh6 36. Bf4+ 1-0

[Event "Championnat de France des Jeunes - Pupil"]
[Site "NIMES"]
[Date "2012.04.20"]
[Round "8.3"]
[White "Gautier, Anand"]
[Black "Fort, Armand"]
[Result "1-0"]
[WhiteElo "1760"]
[BlackElo "1741"]
[PlyCount "87"]

1. e4 c5 2. Nf3 Nc6 3. d4 cxd4 4. Nxd4 e6 5. Nc3 Nf6 6. Ndb5 Bb4 7. Bf4 e5 8.
Bg5 O-O 9. a3 Be7 10. Bxf6 Bxf6 11. Be2 a6 12. Nd6 Be7 13. O-O Nd4 14. Nc4 d6
15. Nd5 b5 16. Nce3 Be6 17. Bd3 Rc8 18. c3 Nc6 19. a4 bxa4 20. Bxa6 Rb8 21.
Qxa4 Na7 22. b4 Bd7 23. Qc2 Bg5 24. Bd3 Nc8 25. Rfb1 Ne7 26. Nxe7+ Bxe7 27. Nd5
Be6 28. Bc4 Rb7 29. Ra2 Qd7 30. Rba1 Bxd5 31. Bxd5 Rc7 32. h3 Rb8 33. Qb3 Qe8
34. c4 Bd8 35. Ra8 Rcc8 36. R8a7 Rc7 37. b5 Rxa7 38. Rxa7 Be7 39. b6 g6 40. Qb5
Qd8 41. Rc7 Kf8 42. Qc6 Qe8 43. b7 Qxc6 44. Bxc6 1-0

[Event "Championnat de France des Jeunes - Pupil"]
[Site "NIMES"]
[Date "2012.04.20"]
[Round "8.4"]
[White "Raynaud, Jean-Philippe"]
[Black "O'Sullivan, Thomas"]
[Result "0-1"]
[WhiteElo "1618"]
[BlackElo "1863"]
[PlyCount "56"]

1. d4 Nf6 2. Bg5 c5 3. d5 Qb6 4. Nc3 Qxb2 5. Bd2 Qb6 6. e4 d6 7. f4 g6 8. Nf3
Bg7 9. Rb1 Qd8 10. Bc4 O-O 11. e5 dxe5 12. fxe5 Ng4 13. e6 fxe6 14. dxe6 Bxc3
15. Bxc3 Qxd1+ 16. Rxd1 Ne3 17. Bd3 Nxd1 18. Kxd1 Nc6 19. Ng5 Nb4 20. Nf7 Rxf7
21. exf7+ Kxf7 22. Bc4+ Ke8 23. Rf1 Bf5 24. Bb5+ Kd8 25. g4 Bxg4+ 26. Kc1 Nxa2+
27. Kb2 Nxc3 28. Kxc3 Bf5 0-1

[Event "Championnat de France des Jeunes - Pupil"]
[Site "NIMES"]
[Date "2012.04.20"]
[Round "8.5"]
[White "Trouve, Guillaume"]
[Black "Ariza, Thomas"]
[Result "1-0"]
[WhiteElo "1751"]
[BlackElo "1679"]
[PlyCount "67"]

1. e4 e6 2. d4 d5 3. Nc3 Nf6 4. Bg5 Be7 5. e5 Nfd7 6. Bxe7 Qxe7 7. f4 a6 8. Nf3
c5 9. dxc5 Qxc5 10. Qd2 Nc6 11. O-O-O b5 12. Kb1 Nb6 13. h4 b4 14. Ne2 Nc4 15.
Qe1 a5 16. Ned4 Ba6 17. Nxc6 Qxc6 18. Nd4 Qb6 19. Qg3 Rg8 20. h5 O-O-O 21. f5
Kb7 22. fxe6 fxe6 23. Bxc4 Bxc4 24. Qg4 h6 25. Rh3 Rde8 26. Rf3 Qc7 27. Re1 Qe7
28. Qg6 Kb6 29. Rf7 Qg5 30. Rxg7 Rxg7 31. Qxe8 Qd2 32. Qxe6+ Kc5 33. Qd6+ Kxd4
34. Qb6# 1-0

[Event "Championnat de France des Jeunes - Pupil"]
[Site "NIMES"]
[Date "2012.04.21"]
[Round "9.1"]
[White "Mohammad, Fahim"]
[Black "Gautier, Anand"]
[Result "1/2-1/2"]
[WhiteElo "1898"]
[BlackElo "1760"]
[PlyCount "129"]

1. d4 Nf6 2. c4 g6 3. Nc3 Bg7 4. e4 d6 5. h3 O-O 6. Bg5 Nc6 7. Nf3 h6 8. Be3 e5
9. dxe5 Nxe5 10. Nxe5 dxe5 11. Be2 Be6 12. O-O Nd7 13. f4 exf4 14. Bxf4 Ne5 15.
Nd5 c6 16. Ne3 Qb6 17. Qc2 Qc5 18. Kh1 Rad8 19. Rad1 g5 20. Bxe5 Qxe5 21. b3
Rxd1 22. Rxd1 Qf4 23. Nf1 Be5 24. Qd3 f5 25. exf5 Bxf5 26. Qe3 Be4 27. Qxf4
Bxf4 28. Bd3 Bxd3 29. Rxd3 Re8 30. g3 Bc7 31. Re3 Rxe3 32. Nxe3 Bxg3 33. Nf5
Bf4 34. Nxh6+ Kg7 35. Ng4 Kg6 36. Kg2 Kf5 37. Kf3 b5 38. cxb5 cxb5 39. Nf2 a5
40. Ng4 Bc1 41. Nf2 Bf4 42. Ng4 Bd2 43. Ke2 Bc1 44. Kf3 a4 45. bxa4 bxa4 46.
Nf2 Bf4 47. Nd3 Bd6 48. Ke3 Bf4+ 49. Nxf4 gxf4+ 50. Kf3 Kg5 51. h4+ Kxh4 52.
Kxf4 a3 53. Ke3 Kg5 54. Kd3 Kf5 55. Kc4 Ke6 56. Kb4 Kd6 57. Kxa3 Kc6 58. Kb4
Kb7 59. Kb5 Kb8 60. a4 Ka8 61. Kb6 Kb8 62. a5 Ka8 63. a6 Kb8 64. a7+ Ka8 65.
Ka6 1/2-1/2

[Event "Championnat de France des Jeunes - Pupil"]
[Site "NIMES"]
[Date "2012.04.21"]
[Round "9.2"]
[White "Chesterkine, Vassili"]
[Black "Trouve, Guillaume"]
[Result "0-1"]
[WhiteElo "1706"]
[BlackElo "1751"]
[PlyCount "80"]

1. e4 c5 2. Nf3 e6 3. d4 cxd4 4. Nxd4 a6 5. Bd3 d5 6. exd5 Qxd5 7. O-O Nd7 8.
Be3 Bc5 9. c4 Qe5 10. Nd2 Ngf6 11. N2f3 Qc7 12. h3 O-O 13. a3 e5 14. Bxh7+ Nxh7
15. Nf5 Ndf6 16. Bxc5 Qxc5 17. b4 Qc7 18. Ne3 Be6 19. Rc1 Rad8 20. Qc2 e4 21.
Nd2 Qd6 22. Rfd1 Qd3 23. Qxd3 Rxd3 24. a4 Rfd8 25. Ndf1 Rxd1 26. Rxd1 Rxd1 27.
Nxd1 Bxc4 28. Nd2 Bd3 29. Nc3 Ng5 30. Nb3 Ne6 31. Na5 b5 32. axb5 Bxb5 33. Nb7
Nd4 34. Nxb5 Nxb5 35. Nc5 Nc7 36. Kf1 Nfd5 37. Nxe4 Nxb4 38. g4 a5 39. Nc3 Nca6
40. Na4 Nd3 0-1

[Event "Championnat de France des Jeunes - Pupil"]
[Site "NIMES"]
[Date "2012.04.21"]
[Round "9.3"]
[White "O'Sullivan, Thomas"]
[Black "Dodart, Guillaume"]
[Result "0-1"]
[WhiteElo "1863"]
[BlackElo "1632"]
[PlyCount "117"]

1. d4 Nf6 2. c4 g6 3. Nc3 d5 4. cxd5 Nxd5 5. e4 Nxc3 6. bxc3 Bg7 7. Nf3 c5 8.
Be3 Nc6 9. Qd2 cxd4 10. cxd4 Bg4 11. Rd1 O-O 12. Be2 Rc8 13. O-O Re8 14. d5
Bxf3 15. gxf3 Ne5 16. Bxa7 b6 17. Qb4 Nd7 18. Bb5 Ra8 19. Bxd7 Qxd7 20. Bxb6
Be5 21. Bd4 Ra4 22. Qc3 Rxd4 23. Qe3 Rxd1 24. Rxd1 Qh3 25. f4 Qg4+ 26. Qg3
Qxd1+ 27. Kg2 Bd4 28. f5 Rc8 29. d6 exd6 30. Qxd6 Qg4+ 31. Qg3 Qxg3+ 32. Kxg3
gxf5 33. exf5 Rc2 34. f4 Rxa2 35. h3 Ra3+ 36. Kg4 h5+ 37. Kg5 Kg7 38. h4 Bf6+
39. Kxh5 Bxh4 40. Kxh4 Kf6 41. Kg4 Rb3 42. Kh5 Kxf5 43. Kh6 Kxf4 44. Kg7 Kg4
45. Kf6 Rb6+ 46. Kxf7 Kg5 47. Ke7 Rh6 48. Kf7 Ra6 49. Ke7 Kf5 50. Kd7 Ke5 51.
Kc7 Kd5 52. Kb7 Rh6 53. Kc7 Rg6 54. Kb7 Kc5 55. Ka7 Kb5 56. Ka8 Rg7 57. Kb8 Kc6
58. Ka8 Kb6 59. Kb8 0-1

[Event "Championnat de France des Jeunes - Pupil"]
[Site "NIMES"]
[Date "2012.04.21"]
[Round "9.4"]
[White "Lutard, Theo"]
[Black "Lafortune, Emerick"]
[Result "1/2-1/2"]
[WhiteElo "1745"]
[BlackElo "1750"]
[PlyCount "96"]

1. e4 c5 2. Nf3 Nc6 3. c3 g6 4. d4 cxd4 5. cxd4 Bg7 6. Nc3 d6 7. Bc4 Nf6 8. d5
Nb8 9. h3 Nbd7 10. Be3 Nb6 11. Bb3 Bd7 12. O-O O-O 13. Rc1 a6 14. Nd2 Rc8 15.
a4 Na8 16. f4 Ne8 17. Nf3 b5 18. axb5 axb5 19. e5 dxe5 20. fxe5 b4 21. Ne4 Rxc1
22. Bxc1 Bf5 23. Ng3 Bc8 24. Bd2 Qb6+ 25. Kh1 Nac7 26. Qe1 Na6 27. Be3 Qb5 28.
Nd4 Qb7 29. e6 f5 30. Qd2 Nd6 31. Bh6 Nc5 32. Bxg7 Kxg7 33. Qg5 Nce4 34. Ndxf5+
Rxf5 35. Nxf5+ Nxf5 36. Qf4 Neg3+ 37. Kh2 Nxf1+ 38. Qxf1 Qc7+ 39. Kg1 Qd6 40.
g4 Nh6 41. Qf2 Bb7 42. Qd4+ Kg8 43. Kg2 Bc8 44. Qe3 Kg7 45. Qd4+ Kg8 46. Qe3
Kg7 47. Qd4+ Kg8 48. Qe3 Kg7 1/2-1/2

[Event "Championnat de France des Jeunes - Pupil"]
[Site "NIMES"]
[Date "2012.04.21"]
[Round "9.5"]
[White "Bertrand, Alexandre"]
[Black "Lamblin, Jean"]
[Result "1/2-1/2"]
[WhiteElo "1644"]
[BlackElo "1791"]
[PlyCount "60"]

1. e4 c5 2. Nf3 Nc6 3. d4 cxd4 4. Nxd4 Qb6 5. Nb3 Nf6 6. Nc3 e6 7. Be3 Qc7 8.
a3 Be7 9. Be2 O-O 10. O-O d6 11. f4 a6 12. Bf3 Rb8 13. a4 b6 14. Qe1 Bb7 15.
Qg3 Rfd8 16. Rfd1 Kh8 17. Qf2 Ba8 18. Rd2 Nd7 19. Rad1 Nc5 20. Nxc5 bxc5 21. b3
Bf6 22. Ne2 g6 23. g3 Na5 24. Bg2 c4 25. e5 Be7 26. Bh3 Bf8 27. Bg2 Be7 28. Bh3
Bf8 29. Bg2 Be7 30. Bh3 Bf8 1/2-1/2